| 000 | 00683nam a2200205Ii 4500 | ||
|---|---|---|---|
| 003 | JO-AjNU | ||
| 008 | 230605s9999||||xx |||||||||||||| ||und|| | ||
| 040 |
_aJO-AjNU _bara _erda _cJO-AjNU |
||
| 041 | _aara | ||
| 050 | 1 | 4 | _aPJ8202.L35 1966 |
| 100 | 3 |
_aعوض،لويس, _eauthor _914841 |
|
| 245 | 0 | 0 | _aالمؤثرات الأجنبية في الأدب العربي الحديث (1) قضية المرأة |
| 250 | _aط2 | ||
| 264 | 3 | 1 | _aالقاهرة: دار المعرفة، 1966 |
| 300 | _a90ص | ||
| 336 |
_atext _btxt _2rdacontent |
||
| 337 |
_aunmediated _bn _2rdamedia |
||
| 338 |
_avolume _bnc _2rdacarrier |
||
| 650 | 4 |
_aالأدب العربي - تاريخ ونقد _914842 |
|
| 999 |
_aA4053 _c7621 _d7621 |
||